FIFA Spieler mit dem höchsten Potenzial pro Land - Statistiken

Allgemein
  • Dieses Quiz wurde 75 mal gespielt
    74 seit der letzten Aktualisierung
  • Das Durchschnittsergebnis liegt bei 8 aus 44
Antwortstatistiken
Land Potenzial Spieler % Korrekt
Frankreich 95 Kylian Mbappé
74%
Portugal 95 Cristiano Ronaldo
66%
Norwegen 94 Erling Haaland
64%
Polen 92 Robert Lewandowski
52%
Spanien 94 Lamine Yamal
44%
Bosnien und Herzigowina 89 Edin Džeko
43%
Kroatien 91 Luka Modrić
43%
Schweden 94 Zlatan Ibrahimović
43%
Österreich 90 David Alaba
36%
Dänemark 91 Christian Dannemann Eriksen
30%
Belgien 93 Thibaut Nicolas Marc Courtois
30%
Slowenien 93 Jan Oblak
26%
Italien 94 Gianluigi Donnarumma
21%
Niederlande 93 Matthijs de Ligt
20%
Belarus 88 Aleksandr Hleb
18%
Nordmazedonien 87 Goran Pandev
18%
Russland 91 Andrey Arshavin
16%
Türkei 90 Arda Turan
15%
Albanien 88 Armando Broja
15%
Bulgarien 90 Dimitar Ivanov Berbatov
15%
Ungarn 89 Dominik Szoboszlai
15%
Schweiz 90 Gregor Kobel
10%
Deutschland 93 Oliver Kahn
10%
Montenegro 90 Stevan Jovetić
10%
Lettland 83 Artjoms Rudņevs
8%
Vereinigtes Königreich 94 Jadon Sancho
8%
Serbien 91 Nemanja Vidić
8%
Tschechien 91 Petr Čech
7%
Griechenland 89 Christos Tzolis
5%
Slowakei 93 Milan Škriniar
5%
Island 86 Eidur Gudjohnsen
2%
Rumänien 87 Ionuț Andrei Radu
2%
Finnland 89 Jari Litmanen
2%
Luxemburg 85 Vincent Thill
2%
Andorra 79 Adam Smith
0%
San Marino 73 Aldo Junior Simoncini
0%
Moldau 79 Artur Ioniţă
0%
Irland 91 Damien Duff
0%
Litauen 82 Edgaras Jankauskas
0%
Estland 82 Ingemar Teever
0%
Kasachstan 80 Juri Judt
0%
Lichtenstein 77 Mario Frick
0%
Malta 80 Myles Beerman
0%
Ukraine 93 Oleh Husyev
0%
Keine übereinstimmenden Quizze gefunden
Verteilung der Resultate
Anzahl Personen mit jedem Resultat
Perzentil nach korrekt beantworteten Fragen
Ihre Resultats-Entwicklung
Sie haben dieses Quiz seit der letzten Aktualisierung nicht gespielt